Zgadnij polskie miasto po autobusie part 2 - Statystyki

Ogólne statystyki
  • Ten quiz został rozwiązany 19 razy
  • Średni wynik to 7 z 16
Statystyki odpowiedzi
Obrazkowy Odpowiedź % Poprawnych
Gdynia
94%
Częstochowa
78%
Radom
72%
Włocławek
72%
Koszalin
67%
Piotrków Trybunalski
50%
Tarnów
50%
Wałbrzych
44%
Elbląg
33%
Kędzierzyn-Kożle
33%
Zamość
22%
Kalisz
17%
Suwałki
17%
Mielec
11%
Nowa Sól
6%
Ostrowiec Świętokrzyski
6%
Nie znaleziono quizów pasujących do podanych kryteriów
Rozkład punktacji
Procent ludzi z każdym wynikiem
Percentyl według liczby udzielonych odpowiedzi
Twoja historia wyników
Nie rozwiązałeś tego quizu